जीवन मरण (Record no. 174054)

MARC details
000 -LEADER
fixed length control field 00495nam a2200181Ia 4500
008 - FIXED-LENGTH DATA ELEMENTS--GENERAL INFORMATION
fixed length control field 090124s9999 xx 000 0 und d
082 ## - DEWEY DECIMAL CLASSIFICATION NUMBER
Item number 127965
100 ## - MAIN ENTRY--PERSONAL NAME
Personal name दळवी श्रीकांत
245 ## - TITLE STATEMENT
Title जीवन मरण
250 ## - EDITION STATEMENT
Edition statement 1
260 ## - PUBLICATION, DISTRIBUTION, ETC. (IMPRINT)
Date of publication, distribution, etc 1997
300 ## - PHYSICAL DESCRIPTION
Extent 676
600 ## - SUBJECT ADDED ENTRY--PERSONAL NAME
Personal name दळवी श्रीकांत
630 ## - SUBJECT ADDED ENTRY--UNIFORM TITLE
Uniform title जीवन मरण
700 ## - ADDED ENTRY--PERSONAL NAME
Personal name दळवी श्रीकांत
730 ## - ADDED ENTRY--UNIFORM TITLE
Uniform title जीवन मरण
942 ## - ADDED ENTRY ELEMENTS (KOHA)
Koha item type Book
Holdings
Withdrawn status Lost status Damaged status Not for loan Home library Current library Date acquired Cost, normal purchase price Total Checkouts Full call number Barcode Date last seen Cost, replacement price Price effective from Koha item type
        Marathi Granth Sangrahalaya,Thane Marathi Granth Sangrahalaya,Thane   250.00   127965 THNMGS-127965 01/24/2009 250.00 01/24/2009 Book